Whose Groceries Are Those? Quiz Stats

Quiz Updated Apr 18, 2014

Also try: Name That Fruit!
Challenge
Share
Tweet
Score 0/20 Timer 06:00
0 Plays Today
% Correct
C. United States
85.1%
C. India
81.2%
A. Mexico
81%
C. United Kingdom
74.9%
B. Mongolia
74.5%
B. Germany
69.7%
C. Ecuador
69.5%
A. Canada
69.5%
A. Chad
64%
C. Mali
59.4%
% Correct
A. Poland
57.6%
A. Japan
55.4%
A. Turkey
55%
A. Guatemala
53.9%
B. France
53.7%
B. Kuwait
47%
C. Italy
46.6%
C. China
42.5%
B. Bhutan
39.5%
B. Australia
21.1%

You're not logged in!

Compare scores with friends on all Sporcle quizzes.
Sign Up with Email
OR
Log In

You Might Also Like...

Show Comments

Extras

Top Quizzes Today


Score Distribution

Your Account Isn't Verified!

In order to create a playlist on Sporcle, you need to verify the email address you used during registration. Go to your Sporcle Settings to finish the process.